Un modèle de voiture sa marque #3 - Statistiques

Statistiques générales
  • Ce quiz a été pris 93 fois
  • Le résultat moyen est 10 sur 14
Statistiques - réponses
Nom du modèle Marque % Correct
C3 aircross Citroën
99%
Clio williams Renault
98%
Rs6 Audi
93%
Sandero Dacia
92%
GLC Mercedes
87%
X2 Bmw
84%
F8 tributo Ferrari
81%
Shelby Ford
69%
CHR Toyota
61%
Countach Lamborghini
60%
Divo Bugatti
56%
Arteon Volkswagen
54%
DeLorean Dmc
26%
Partner Peugot
12%
Aucun quiz correspondant
Distribution des résultats
% des personnes avec chaque résultat
Percentile par nombre de réponses
Votre historique - résultats
Vous n’avez pas pris ce quiz